| 000 | 00792nam a2200205 i 4500 | ||
|---|---|---|---|
| 001 | 141038 | ||
| 003 | ES-MaACL | ||
| 005 | 20230906200217.0 | ||
| 007 | t| | ||
| 008 | 070919s1907 sp ||||1| spa d | ||
| 100 | 1 |
_aWechsler, M. _9116276 |
|
| 245 | 1 | 3 |
_aEl ferrocarril de Otavi / _cpor el ingeniero M. Wechsler. |
| 260 |
_aMadrid : _b[s.n.], _c1907 ( _fJosé Blass y Cía) |
||
| 300 |
_a16 p. : _bil. ; _c32 cm. |
||
| 500 | _aTirada aparte, traducida, de: "Revista de la Asociación de Ingenieros Alemanes", 1907, p. 201. | ||
| 500 | _aEn cub. y antep.: El ferrocarril más largo del mundo de vía estrecha, construido por la Casa Arthur Koppel. | ||
| 650 | 4 |
_aFerrocarriles- _zÁfrica. _9176219 |
|
| 650 |
_aFerrocarriles de vía estrecha. _9170255 |
||
| 852 | 4 |
_aES-MaACL _jT-1178-F-11 |
|
| 999 |
_c141038 _d141038 |
||